| 000 | 01874nam a2200325Ia 4500 | ||
|---|---|---|---|
| 999 |
_c49330 _d49330 |
||
| 001 | 16247 | ||
| 003 | GE_BSU | ||
| 005 | 20250325104523.0 | ||
| 008 | 181216s2015||||ge |||||||||||||| ||geo|| | ||
| 010 | _a9789941434969 | ||
| 020 | _a9789941434969 | ||
| 040 | _cGE_BSU | ||
| 041 | _ageo | ||
| 080 | _a811.353.1(075.3) ქ-27 | ||
| 245 |
_aქართული ენა უცხოელთათვის : _bპრაქტიკული სავარჯიშოების რვეული 1 / _cავტორები: მალხაზ ჩოხარაძე, ლილე თანდილავა, მაია კიკვაძე [და სხვ.] ; რედაქტორი მამია ფაღავა ; მხატვარი გიორგი გოგიტიძე. |
||
| 264 |
_aბათუმი : _bბათუმის შოთა რუსთაველის სახელმწ. უნ-ტი, _c2015. |
||
| 300 |
_a118 გვ.; _b29 სმ. _c+CD |
||
| 541 | _h4ლ. | ||
| 653 | _aქართული ენა | ||
| 700 |
_aთანდილავა, ლილე _e ავტორი _95951 |
||
| 700 |
_aკიკვაძე, მაია _eავტორი _92148 |
||
| 700 |
_aჩოხარაძე, ვარდო _eავტორი _911616 |
||
| 700 |
_aჩოხარაძე, მარიამ _eავტორი _924666 |
||
| 700 |
_aთავდგირიძე, მანანა _eავტორი _911580 |
||
| 700 |
_aდუმბაძე, გურამ _eავტორი _924667 |
||
| 700 |
_aნაკაშიძე, ომარ _eავტორი _914478 |
||
| 700 |
_aფაღავა, მამია _eრედაქტორი _924668 |
||
| 700 |
_aგოგიტიძე, გიორგი _eმხატვარი _924669 |
||
| 942 |
_cBK _2udc |
||